|
|
|
|
| LEADER |
00000nam a2200000 a 4500 |
| 001 |
UCY6707 |
| 003 |
CL-VaPUC |
| 005 |
20241127085252.0 |
| 008 |
950602e19930000AG |||||||||||||||||spa|d |
| 999 |
|
|
|c 234231
|d 234229
|
| 020 |
|
|
|a 9507860037
|
| 040 |
|
|
|c Pontificia Universidad Católica de Valparaíso
|
| 082 |
0 |
4 |
|a 185
|b ARI
|2 21
|
| 100 |
|
|
|a Aristóteles,
|d 384 a.C.- 322 a.C.
|e author
|9 194
|
| 245 |
1 |
0 |
|a Física: libros I-II
|
| 260 |
|
|
|a Buenos Aires
|b Biblos
|c 1993
|
| 300 |
|
|
|a 233 p
|
| 583 |
|
|
|a last modification
|c 19950602 00:00:00
|k Rodrigo Vera
|
| 600 |
|
0 |
|a Aristóteles,
|d 384 a.C.- 322 a.C.
|9 194
|
| 650 |
|
0 |
|a Física
|9 227844
|
| 650 |
|
0 |
|a Filosofía antigua
|9 255705
|
| 700 |
1 |
|
|a Boeri, Marcelo D
|e traductor
|9 863960
|
| 942 |
|
|
|c BK
|2 ddc
|
| 945 |
|
|
|d 19950602 00:00:00
|a aalvarez
|
| 952 |
|
|
|0 0
|1 0
|4 0
|6 185_000000000000000_ARI_1993
|7 0
|8 R
|9 240300
|a BIBEDU
|b BIBEDU
|c MCIRC
|d 2019-11-18
|i 3088871
|l 5
|m 1
|o 185 ARI 1993
|p 3088871
|r 2024-06-17
|s 2024-06-12
|w 2019-11-18
|y BK_R
|k FIL
|
| 952 |
|
|
|0 0
|1 0
|4 0
|6 185_000000000000000_ARI_1993
|7 0
|8 R
|9 240301
|a BIBEDU
|b BIBEDU
|c MCIRC
|d 2019-11-18
|i 4765338
|l 6
|m 4
|o 185 ARI 1993
|p 4765338
|r 2023-08-21
|s 2023-08-16
|w 2019-11-18
|y BK_R
|k FIL
|